Score 0/27 Timer 05:00
4 Plays Today
Character Cape (C) or No Cape (N)? % Correct
Batman???
88.1%
Superman???
87.1%
Spider-man???
86.6%
Wolverine???
85.3%
Cyclops???
83.5%
Human Torch???
83.4%
Robin???
79.4%
Flash???
78.7%
Green Lantern (Hal Jordan)???
77.5%
Daredevil???
75.9%
Aquaman???
75.6%
Cyborg???
75.4%
Captain America???
74.2%
Thor???
73.9%
Character Cape (C) or No Cape (N)? % Correct
Beast Boy???
73.4%
Magneto???
72.8%
Cloak???
71.8%
Quicksilver???
69.5%
Dr. Doom???
68.8%
Green Arrow???
62.6%
Doctor Strange???
60.3%
Mysterio???
60.2%
Wonder Woman???
59.5%
The Vision???
55.9%
Martian Manhunter???
55.6%
Raven???
55.2%
Scarlet Witch???
53.9%

You're not logged in!

Compare scores with friends on all Sporcle quizzes.
OR
Log In

From the Vault

Building Bridges VI

by jyrops

But breaking things is just so much more fun.
Remove Ads.
Support Sporcle.
Get the best of Sporcle when you Go Orange. This ad-free experience offers more features, more stats, and more fun while also helping to support Sporcle. Thank you for becoming a member.

Show Comments

Extras

Top Quizzes Today


Score Distribution

Your Account Isn't Verified!

In order to create a playlist on Sporcle, you need to verify the email address you used during registration. Go to your Sporcle Settings to finish the process.

Report this User

Report this user for behavior that violates our Community Guidelines.

Details: